000 00717nam a2200205Ii 4500
003 JO-AjNU
008 230605s9999||||xx |||||||||||||| ||und||
017 _a2012/6/2041
040 _aJO-AjNU
_bara
_erda
_cJO-AjNU
041 _aara
050 1 4 _aPJ7850.U54.S5 2012
100 3 _aعبدالرحمن ، منيف ؛ تقديم مروان قصاب باشي ,
_eauthor
_956943
245 0 0 _aسيرة مدينة: عمان في الأربعينات
264 3 1 _aعمان : وزارة الثقافة ، 2012
300 _a436ص
336 _atext
_btxt
_2rdacontent
337 _aunmediated
_bn
_2rdamedia
338 _avolume
_bnc
_2rdacarrier
650 4 _aعمان - تاريخ - القرن العشرين
_956944
999 _aA25489
_c29057
_d29057